Ho Hey lyrics - Statistics

General Stats
  • This quiz has been taken 205 times
  • The average score is 163 of 200
Answer Stats
Hint Answer % Correct
I
97%
be
96%
hey
96%
ho
96%
me
96%
you
96%
a
95%
my
94%
belong
91%
do
90%
with
90%
sweet
89%
to
89%
been
87%
so
87%
the
87%
in
86%
it
85%
bed
84%
right
84%
don't
83%
sleepin'
83%
tryin'
83%
livin'
82%
lonely
82%
family
80%
know
80%
life
80%
show
80%
that
80%
where
80%
all
79%
can
79%
song
79%
write
78%
your
78%
bleed
76%
blood
76%
here
76%
sweetheart
74%
but
73%
instead
73%
we
73%
you're
73%
You're
73%
will
71%
wrong
66%
went
63%
Chinatown
61%
for
61%
bus
60%
next
60%
think
59%
on
58%
standin'
58%
and
57%
took
57%
him
54%
now
53%
oh
50%
what
48%
Love
43%
of
43%
might
41%
Canal
39%
some
39%
need
38%
she'd
38%
I'd
37%
come
34%
we're
34%
out
31%
let's
30%
'cause
29%
bleedin'
27%
Bowery
27%
hope
27%
sweatheart
6%
No matching quizzes found
Score Distribution
Percent of People with Each Score
Percentile by Number Answered
Your Score History
You have not taken this quiz